Analyzing outsourcing : reengineering information and communication systems
Αποθηκεύτηκε σε:
| Κύριος συγγραφέας: | |
|---|---|
| Μορφή: | Βιβλίο |
| Γλώσσα: | English |
| Δημοσίευση: |
New York :
McGraw-Hill, Inc.,
1995
|
| Θέματα: | |
| Ετικέτες: |
Προσθήκη ετικέτας
Δεν υπάρχουν, Καταχωρήστε ετικέτα πρώτοι!
|
MARC
| LEADER | 00000cam a2200000 i 4500 | ||
|---|---|---|---|
| 001 | 1/58757 | ||
| 008 | 980526s1995 eng d | ||
| 020 | |a 0-07-042593-0 | ||
| 035 | |l 10028422 | ||
| 040 | |a GR-MY-UA |b gre |e aacr | ||
| 041 | 0 | |a eng | |
| 082 | 0 | |a 658.4038 | |
| 100 | 1 | |a Minoli, Daniel, |d 1952- | |
| 245 | 1 | 0 | |a Analyzing outsourcing : |b reengineering information and communication systems / |c Daniel Minoli |
| 260 | |a New York : |b McGraw-Hill, Inc., |c 1995 | ||
| 300 | |a xiii, 304 p. ; |b ill.; |c 24 cm. | ||
| 504 | |a Index included | ||
| 650 | 0 | 0 | |a Business enterprises |x Communication systems |x Management. |
| 650 | 0 | 0 | |a Information technology |x Management. |
| 650 | 0 | 0 | |a Management information systems. |
| 650 | 0 | 0 | |a Information services industry. |
| 650 | 0 | 0 | |a Computer service industry. |
| 650 | 0 | 0 | |a Electronic data processing departments |x Contracting out. |
| 650 | 0 | 0 | |a Reengineering (Management) |
| 852 | |a INST |b CHIOS |e 19980526 |h 658.4038 MIN |p 005200016430 |q 005200016430 |t BK |y 0 | ||
| 852 | |a INST |b CHIOS |e 20000331 |h 658.4038 MIN |p 005200018841 |q 005200018841 |t BK |y 0 | ||
| 852 | |a INST |b SAMOS |e 20000329 |h 658.4038 MIN |p 005300015570 |q 005300015570 |t BK |y 0 | ||
| 901 | |a BIBL3-2000-1 | ||
| 901 | |a BIBL2-2000-1 | ||
| 909 | |a Χ |b 055729 | ||
| 909 | |a Χ |b 074367 | ||
| 909 | |a Σ |b 074236 | ||
| 922 | |a 2ΕΛΗ |b 199804 |c ΤΔΕ |d ΠΑΠΑΣΩΤΗΡΙΟΥ | ||
| 922 | |a 3ΕΛΗ |b 200002 |c ΤΠΕΣ |d ΠΑΠΑΣΩΤΗΡΙΟΥ | ||
| 970 | |z 2000/07/ELIDOC | ||